000 00510nam a2200157Ia 4500
003 GCL
008 140319s9999 xx 000 0 ara d
040 _aGCL /
_cGCL
082 0 4 _a813.82
_bو ر
100 1 _aوزارة الثقافة والارشاد القومى
245 1 0 _aكونفال الاشباح /
_cوزارة الثقافة والارشاد القومى
490 _aروائع المسرح العالمى
_v0
650 0 4 _aالمسرحيات
650 0 4 _aالمجموعات
942 _2ddc
_cBK
999 _c49505
_d49505